000 00556nam a2200193Ia 4500
003 LDD
008 181029s9999 xx 000 0 und d
020 _a9788175332133
_c995.00
040 _cLDD
100 _aBhagat, S.K.
245 0 _aHuman trafficking
_bBiggest social crime
_cS.K. Bhagat
260 _aNew Delhi
_bMD Publications
_c2009
300 _a307p.
365 _b995.00
901 _a5442
_b11-12-2009
902 _aSBS/557/D/09
_b30-12-2009
_cF
_dSBS
_eCBCI
903 _aDiscount-15
_bReqst by : Gracious Thomas
942 _2ddc
_cBK
999 _c88527
_d88527